000 02672nam0a2200361 4500
001 RU\NLR\BIBL_A\012577156
005 20211118105902.0
010 _a978-5-94279-515-3
_925
021 _aRU
_bКН-П-21-023566
_9КН-П-21-1826
035 _a(NLR Aleph) 012577156
090 _a12510045
_c12510045
100 _a20210810d2021 k y0rusy50 ca
101 0 _arus
102 _aRU
105 _aa|||z|||100zy
181 0 _ai3
_bab2e
182 0 _an
200 1 _aПроблемы и перспективы развития АПК региона с использованием дистанционных технологий
_eматериалы Краевой студенческой научно-практической конференции (Пермь, 7-8 декабря 2020 года)
_fМинистерство сельского хозяйства Российской Федерации, Федеральное государственное бюджетное образовательное учреждение высшего образования "Пермский государственный аграрно-технологический университет имени академика Д. Н. Прянишникова"
_gнаучная редколлегия: О. В. Тупицына, канд. экон. наук, доцент [и др.]
203 _aТекст
_bвизуальный
_cнепосредственный
210 _aПермь
_cПрокростъ
_d2021
215 _a242 с.
_cил.
_d29
320 _aБиблиогр. в конце ст.
606 1 _aАгропромышленные комплексы
_yРоссийская Федерация
_jСъезды, совещания и т.п
_2nlr_sh1
_2nlr_sh2
_3RU\NLR\AUTH\661268277
686 1 _aУ32(2)-434(2Р)я431
686 1 _aУ32(2)-434(2Р)в612я431
702 1 _aТупицына
_bО. В.
_gОльга Владимировна
_4340
711 1 2 _a"Проблемы и перспективы развития АПК региона с использованем дистанционных технологий", краевая студенческая научно-практическая конференция
_f2020
_eПермь
_3RU\NLR\AUTH\880548743
712 0 2 _aПермский государственный аграрно-технологический университет им. Д. Н. Прянишникова
_3RU\NLR\AUTH\880464853
_4557
942 _cBOOK
980 _aNB